000 00352nam a2200133 a 4500
005 20140414093849.0
008 110811s19uu xx 00 eng d
050 _aCDR 899
_bIBO 2008
100 _aCruz, Emerlinda
245 _aIbong adarna /
_cEmerlinda Cruz.
260 _aQuezon City, Philippines :
_bC&E,
_c2008.
942 _cAVM
999 _c109779
_d109779